000 01080cam a2200361Ii 4500
001 58544
005 20230411090017.0
008 790831s1975 sp b 000 0 spa d
035 _a(OCoLC)ocm05329931
040 _aPRW
_cPRW
_dOCL
020 _a8424501497
020 _a9788424501495
035 _a(OCoLC)5329931
041 1 _aspa
_hfre
043 _ae-fr---
092 _a301.4120944
090 _aHQ1617
_bB4518
049 _aGRAL
100 1 _aBenoít-Lapierre, Nicole.
240 1 0 _aFemme majeure.
_lSpanish
245 1 3 _aLa mujer liberada :
_b(nueva feminidad, nuevo feminismo) /
_cEdgar Morín, Nicole Benoit, Bernard Paillard.
260 _aMadrid :
_bEditorial Fundamentos,
_c1975.
300 _a167 p. ;
_c19 cm.
490 0 _aColección ciencia
500 _aTranslation of La femme majeure: nouvelle féminité, nouveau féminisme.
504 _aBibliography: p. 165-167.
650 0 _aWomen
_xHistory.
650 0 _aFeminism
_zFrance.
700 1 _aMorín, Edgar.
700 1 _aPaillard, Bernard.
942 _2lcc
_cbk
994 _aC0
_bDRFGD
999 _c110868
_d110868